Statistics for Schuyler Sisters Lyrics (Hamilton)

Click here to take the quiz!

General Stats

  • This quiz has been taken 1,535 times
  • The average score is 74 of 93

Answer Stats

LyricAnswer% Correct
______ | ________ | ________!Angelica
97%
__________angelica
97%
_____ | ______ | _______Eliza
97%
______Eliza!
97%
And _____ | His daughters _______ | _____ | and _____!Peggy
97%
____Work!
96%
work, ____work
96%
____!Work
96%
Like i said youre ____ to gofree
95%
daddy said to be ____ by sundownhome
95%
Daddy doesnt need to ____know
95%
Daddy said not to go ________downtown
94%
Take Philip Schuyler, the man is ______loaded
93%
Uh oh, but ______ does he know thatlittle
92%
The __________ sistersSchuyler
92%
Its bad enough daddy wants to go to ___war
92%
Theres nothin rich ____ love morefolks
91%
Sneak into the city ____ to watch all the guys atjust
91%
She's _____ for me | We’re _______ for a mind at worklooking
90%
Someone in a rush nexrt to someone looking _____pretty
88%
And gawk at the students in the _____common
87%
Eliza, im looking for a ____ at work | x2 Looking for a ___ at workmind
87%
but your _______ smells like your daddy’s got moneyperfume
87%
Angelica, ______ me what we're looking forremind
87%
People shouting in the _______square
87%
excuxe me, ____, i know it not funnymiss
86%
Than goin down town and _________ it with the poorslumming
86%
New _____ in the airideas
85%
just to ___ 'em talkwatch
85%
But-- Look ______ Look _____around around
83%
Burr, you ______ medisgust
83%
____ around, ____ aroundlook look
83%
____ around, ____ aroundlook, look
83%
It’s bad enough there’ll be ______ on our shoreviolence
83%
____, ____Work Work
83%
____, ____work work
83%
___ ___New york
82%
I’m a _____ ____, baby, you can trust metrust fund
82%
Why you slummin’ in the city in your ______ heels?fancy
81%
Theres nothin like _____ in the citysummer
81%
I’ve been reading ______ _____ by Thomas PaineCommon Sense
78%
They ____ up in their carriagespull
78%
That all men are ______ equal"created
77%
So listen to my __________:declaration
77%
So men say that I’m ______ or I’m insaneintense
77%
You want a revolution? I want a __________revelation
76%
The ________ happening in New Yorkrevolutions
76%
Ahh, so you’ve _________ mediscussed
74%
"We hold these truths to be self-_______evident
74%
And when I meet _______ _______ (unh!)Thomas Jefferson
74%
Imma compel him to include _____ in the sequelwomen
74%
_____ we are to be alive right nowLucky
73%
Woa-oah (repeat for answer) | ___-___Woa-oah
72%
Look around, look around __ howat
71%
Lucky we are to be _____ right nowalive
70%
In the ______ city | In the _______city | Just happen to be in the ________ city in the worldgreatest
69%
In the greatest ____ in the world!city
68%
You searchin’ for an _____ who can give you ideals?urchin
64%
Cause I’ve been reading Common Sense by ______ _____Thomas Paine
61%
History is happening in __________ and weManhattan
60%
So men say that I’m intense or I’m ______insane
59%
And we just ______ to behappen
56%
(Hey, Hey ___,) | ___Hey
56%
You_____ a revolution? I want a revelationwant
54%
(new ____)York
53%
So _____ to my declarationlisten
52%
That ___ men are created equalall
51%
We hold these _____ to be self evidenttruths
51%
At how lucky we are to be alive _____ nowright
50%
(the revolutions ________ in)Happening
49%
_______ is happening in ManhattanHistory
47%
In the greatest city in the _____!world
47%
In the ____World!
47%
The Schuyler _______sisters
45%

Score Distribution

Percentile by Number Answered

Percent of People with Each Score

Your Score History

You have not taken this quiz